000 00311nam a22001337a 4500
008 170627b xxu||||| |||| 00| 0 eng d
020 _a9780395775608
041 _aeng
080 _a82
100 _a21
101 _aGJL
245 _aNERVOUS CONDITIONS AND RELATED READINGS
_cLTTELL.M
942 _2udc
_cBK
999 _c19181
_d19181